000 00349nam a22001457a 4500
005 20230714141755.0
008 230714b ||||| |||| 00| 0 eng d
040 _cAL
041 _aeng
082 _223
_a158.7
_bGHOI
100 _aGhosh P K
_9126977
245 _aIndustrial Psychology
260 _aNew Delhi
_bHimalaya
_c1980
942 _2ddc
_cBK
999 _c227876
_d227876